000 00683nam a2200301Ia 4500
008 170203s9999 xx 000 0 und d
020 _a9780545224048
050 _aFic.
050 _b K591 2009
100 _aKirk, Daniel
245 2 _aA Friends Tale /
245 _cDaniel Kirk.
260 _aU.S.A :
260 _bScholastic Inc.,
260 _c2009
300 _a1 v. (unpaged) :
300 _bcol. ill. ;
300 _c28 cm.
440 _aLibrary mouse
650 _aAuthorship--
650 _aBashfulness--
650 _aLibraries--
650 _aMice--
650 _xFiction.
650 _xFiction.
650 _xFiction.
650 _xFiction.
999 _c306091
_d306091